Les 100 villes les plus peuplées des Hauts-de-France - Statistiques

Statistiques générales
  • Ce quiz a été pris 826 fois
  • Le résultat moyen est 38 sur 100
Statistiques - réponses
Commune Département Population % Correct
Lille 59 236k
99%
Amiens 80 134k
94%
Dunkerque 59 86k
93%
Roubaix 59 99k
92%
Lens 62 32k
91%
Calais 62 67k
89%
Tourcoing 59 98k
88%
Arras 62 42k
87%
Valenciennes 59 42k
86%
Saint-Quentin 2 53k
82%
Beauvais 60 56k
80%
Douai 59 39k
79%
Boulogne-sur-Mer 62 40k
77%
Laon 2 24k
76%
Villeneuve-d'Ascq 59 61k
75%
Compiègne 60 40k
72%
Abbeville 80 22k
71%
Cambrai 59 31k
69%
Béthune 62 24k
67%
Maubeuge 59 29k
65%
Creil 60 35k
63%
Soissons 2 28k
63%
Saint-Omer 62 14k
61%
Armentières 59 25k
59%
Marcq-en-Baroeul 59 38k
59%
Berck 62 13k
58%
Wattrelos 59 41k
58%
Hénin-Beaumont 62 25k
56%
Liévin 62 30k
56%
Hazebrouck 59 21k
53%
Loos 59 22k
49%
Wasquehal 59 20k
48%
Croix 59 20k
46%
Grande-Synthe 59 20k
46%
Château-Thierry 2 15k
45%
Denain 59 20k
45%
Lambersart 59 27k
45%
Senlis 60 15k
45%
Chantilly 60 10k
43%
Mons-en-Baroeul 59 21k
43%
La Madeleine 59 22k
41%
Seclin 59 12k
37%
Gravelines 59 11k
35%
Avion 62 17k
33%
Ronchin 59 18k
33%
Nogent-sur-Oise 60 21k
32%
Wattignies 59 15k
32%
Clermont 60 10k
31%
Coudekerque-Branche 59 20k
31%
Noyon 60 13k
30%
Bailleul 59 15k
29%
Hem 59 18k
29%
Halluin 59 20k
28%
Outreau 62 13k
27%
Saint-Amand-les-Eaux 59 15k
27%
Carvin 62 17k
26%
Roncq 59 13k
26%
Wambrechies 59 10k
26%
Crépy-en-Valois 60 14k
24%
Faches-Thumesnil 59 18k
24%
Noeux-les-Mines 62 11k
24%
Chambly 60 10k
23%
Etaples 62 10k
23%
Villers-Cotterêts 2 10k
23%
Bully-les-Mines 62 12k
22%
Haubourdin 59 14k
22%
Méru 60 14k
22%
Jeumont 59 10k
21%
Montataire 60 13K
21%
Marck 62 10k
20%
Chauny 2 11k
19%
Fourmies 59 11k
19%
Pont-Sainte-Maxence 60 12k
17%
Saint-André-les-Lille 59 13k
16%
Tergnier 2 13k
16%
Douchy-les-Mines 59 10k
15%
Marquette-lez-Lille 59 11k
15%
Comines 59 12k
14%
Marly 59 12k
14%
Mouvaux 59 13k
13%
Caudry 59 14k
12%
Sin-le-Noble 59 15k
12%
Somain 59 11k
12%
Anzin 59 13k
11%
Longuenesse 62 10k
11%
Méricourt 62 11k
11%
Neuville-en-Ferrain 59 10k
10%
Hautmont 59 14k
9%
Saint-Martin-Boulogne 62 11k
9%
Auchel 62 10k
8%
Oignies 62 10k
8%
Bruay-la-Bruissière 62 21k
7%
Courrières 62 10k
6%
Lys-les-Lannoy 59 13k
6%
Raismes 59 12k
6%
Annoeullin 59 10k
5%
Harnes 62 12k
5%
Bruay-sur-l'Escaut 59 11k
4%
Vieux-Condé 59 10k
4%
Saint-Saulves 59 11k
1%
Aucun quiz correspondant
Distribution des résultats
% des personnes avec chaque résultat
Percentile par nombre de réponses
Votre historique - résultats
Vous n’avez pas pris ce quiz